SpongeBob SquarePants - Statistics

General Stats
  • This quiz has been taken 473 times
  • The average score is 17 of 20
Answer Stats
Question Answer % Correct
2. What's the name of SpongeBob's best friend? Patrick Star
98%
3. What's the name of SpongeBob's 1st neighbour? Squidward Tentacles
95%
1. In what town does SpongeBob live? Bikini Bottom
94%
11. What's the name of Spongebob's pet? Gary
93%
4. Where does SpongeBob go to work? Krusty Krab
93%
5. What's the name of SpongeBob's boss? Mr. Krabs
92%
12. What kind of animal is SpongeBob's pet? Snail
92%
8. In what kind of building does SpongeBob live in? Pineapple
91%
10. Where is Sandy from? Texas
90%
7. What is Spongebob? (PROFESSION) Fry Cook
89%
13. What's the name of the lifeguard on the beach? Larry the Lobster
88%
9. What's the last name of Spongebob's friend Sandy? Cheeks
84%
6. What's the first name of SpongeBob's boss? Eugene
84%
14. What's the name of the cartoon main villain? Sheldon J. Plankton
84%
19. Under what does Patrick live? Rock
83%
16. What is SpongeBob's and Patrick's favourite activity? Jellyfishing
82%
15. What is the villain trying to steal? Krabby Patty Formula
80%
20. In what kind of building does Mr. Krabs live? Anchor
70%
17. What SpongeBob cannot get? Driver License
56%
18. What's SpongeBob's favourite colour? Beige
21%
No matching quizzes found
Score Distribution
Percent of People with Each Score
Percentile by Number Answered
Your Score History
You have not taken this quiz